[Event "Aragon-chT Preferente Gr I"]
[Site "Aragon"]
[Date "2022.02.26"]
[Round "5.33"]
[White "Muro Guerrero, Miguel"]
[Black "Garcia Morales, Roberto"]
[Result "1/2-1/2"]
[WhiteElo "1906"]
[BlackElo "1980"]
[PlyCount "72"]
[EventDate "2022.01.29"]
[EventType "team-tourn"]
[EventRounds "9"]
[EventCountry "ESP"]
[SourceTitle "EXT 2024"]
[Source "ChessBase"]
[SourceDate "2023.10.10"]
[SourceVersion "1"]
[SourceVersionDate "2023.10.10"]
[SourceQuality "1"]
[WhiteTeam "Dr Azua"]
[BlackTeam "Agrupacion II"]
[WhiteTeamCountry "ESP"]
[BlackTeamCountry "ESP"]

1. e4 e5 2. Nf3 Nc6 3. d4 exd4 4. Nxd4 Nxd4 5. Qxd4 Qf6 6. e5 Qb6 7. Qxb6 axb6 8. Nc3 Bb4 9. Bd2 Bxc3 10. Bxc3 Ne7 11. Bc4 0-0 12. 0-0 h5 13. Rad1 Nf5 14. a3 d6 15. Be2 dxe5 16. Bxh5 f6 17. Bf3 c6 18. Rd2 Be6 19. Rfd1 Rfe8 20. g3 Kf7 21. Bg2 Ne7 22. Re2 Rad8 23. Rde1 Bc4 24. Re3 Rd7 25. Bh3 Rdd8 26. b3 Be6 27. Bxe6+ Kxe6 28. f4 Nd5 29. Rf3 Nxc3 30. Rxc3 Rd2 31. Rce3 Rxc2 32. fxe5 Rd8 33. exf6+ Kxf6 34. Re6+ Kf7 35. Re7+ Kf8 36. Rxb7 Rdd2 1/2-1/2

[Event "Aragon-chT Preferente"]
[Site "Aragon"]
[Date "2021.05.08"]
[Round "7.32"]
[White "Garcia Morales, Roberto"]
[Black "Castillo Sanjuan, Daniel"]
[Result "0-1"]
[WhiteElo "2016"]
[BlackElo "1965"]
[PlyCount "64"]
[EventDate "2021.03.13"]
[EventType "team-tourn"]
[EventRounds "9"]
[EventCountry "ESP"]
[SourceTitle "EXT 2024"]
[Source "ChessBase"]
[SourceDate "2023.10.10"]
[SourceVersion "1"]
[SourceVersionDate "2023.10.10"]
[SourceQuality "1"]
[WhiteTeam "Agrupacion II"]
[BlackTeam "Palacio de Pioneros III"]
[WhiteTeamCountry "ESP"]
[BlackTeamCountry "ESP"]

1. e4 e5 2. Nf3 Nc6 3. Bb5 a6 4. Ba4 Nf6 5. 0-0 Nxe4 6. d4 b5 7. Bb3 d5 8. dxe5 Be6 9. Be3 Bc5 10. Bxc5 Nxc5 11. Nbd2 0-0 12. c3 h6 13. Bc2 Qd7 14. b4 Nb7 15. Re1 a5 16. a3 axb4 17. cxb4 Ne7 18. Nb3 c5 19. bxc5 Rfc8 20. Qd4 Ra4 21. Qe3 Bf5 22. e6 fxe6 23. Ne5 Qc7 24. c6 Nxc6 25. Bxf5 exf5 26. Rac1 Re4 27. Nxc6 Rxe3 28. Rxe3 Kh7 29. Nbd4 Na5 30. Rec3 Qb6 31. h3 Nxc6 32. Nxc6 d4 0-1

[Event "Aragon-chT Preferente"]
[Site "Aragon"]
[Date "2021.05.01"]
[Round "6.39"]
[White "Juberias Segura, Santiago"]
[Black "Garcia Morales, Roberto"]
[Result "1-0"]
[WhiteElo "2006"]
[BlackElo "2016"]
[PlyCount "73"]
[EventDate "2021.03.13"]
[EventType "team-tourn"]
[EventRounds "9"]
[EventCountry "ESP"]
[SourceTitle "EXT 2024"]
[Source "ChessBase"]
[SourceDate "2023.10.10"]
[SourceVersion "1"]
[SourceVersionDate "2023.10.10"]
[SourceQuality "1"]
[WhiteTeam "Utebo San Lamberto"]
[BlackTeam "Agrupacion II"]
[WhiteTeamCountry "ESP"]
[BlackTeamCountry "ESP"]

1. c4 e6 2. g3 f5 3. Bg2 Nf6 4. Nf3 Be7 5. Nc3 0-0 6. 0-0 Nc6 7. d3 Kh8 8. a3 d5 9. b4 a5 10. b5 Na7 11. cxd5 Nxd5 12. Nxd5 Qxd5 13. Rb1 c6 14. Bb2 a4 15. Ne5 Qd6 16. Nc4 Qd8 17. bxc6 Nxc6 18. Nb6 Ra5 19. Bc3 Ra6 20. Nxc8 Qxc8 21. Bxc6 Qxc6 22. Bb4 Bxb4 23. Rxb4 h6 24. Qb1 Rf7 25. Rc1 Qd7 26. Rc5 f4 27. Rcb5 fxg3 28. hxg3 Ra7 29. Qc2 Qd8 30. Qc5 b6 31. Rxb6 Qf6 32. Qd4 Qg5 33. Rxe6 Rac7 34. Qe3 Rc1+ 35. Kg2 Qd5+ 36. Qe4 Qc5 37. Rb8+ 1-0

[Event "Aragon-chT Preferente Gr-I"]
[Site "Aragon"]
[Date "2019.03.23"]
[Round "9.51"]
[White "Garcia Morales, Roberto"]
[Black "Miranda Herrera, Miguel"]
[Result "1-0"]
[WhiteElo "2030"]
[BlackElo "1748"]
[PlyCount "49"]
[EventDate "2019.01.26"]
[EventType "team-tourn"]
[EventRounds "9"]
[EventCountry "ESP"]
[SourceTitle "EXT 2020"]
[Source "ChessBase"]
[SourceDate "2019.10.17"]
[SourceVersion "1"]
[SourceVersionDate "2019.10.17"]
[SourceQuality "1"]
[WhiteTeam "Agrupacion II"]
[BlackTeam "Monsalud Soluzion"]
[WhiteTeamCountry "ESP"]
[BlackTeamCountry "ESP"]

1. e4 e5 2. Nf3 Nf6 3. Nc3 Bb4 4. d3 0-0 5. Be2 d5 6. exd5 Nxd5 7. Bd2 Nc6 8. 0-0 Nf4 9. h3 Qd6 10. Ne4 Qg6 11. Ng3 Be7 12. Kh1 Bxh3 13. gxh3 Qh6 14. Ng1 Bg5 15. Bxf4 Bxf4 16. Bf3 Nd4 17. c3 Ne6 18. Be4 Ng5 19. Qh5 Qe6 20. Qg4 Qh6 21. Rab1 g6 22. N3e2 f5 23. Bd5+ Kg7 24. Qg2 c6 25. Nxf4 1-0

[Event "Aragon-chT Preferente Gr-I"]
[Site "Aragon"]
[Date "2019.03.02"]
[Round "6.38"]
[White "Hernandez Delgado, Gabriel"]
[Black "Garcia Morales, Roberto"]
[Result "0-1"]
[WhiteElo "1894"]
[BlackElo "2030"]
[PlyCount "70"]
[EventDate "2019.01.26"]
[EventType "team-tourn"]
[EventRounds "9"]
[EventCountry "ESP"]
[SourceTitle "EXT 2020"]
[Source "ChessBase"]
[SourceDate "2019.10.17"]
[SourceVersion "1"]
[SourceVersionDate "2019.10.17"]
[SourceQuality "1"]
[WhiteTeam "El Olivar III"]
[BlackTeam "Agrupacion II"]
[WhiteTeamCountry "ESP"]
[BlackTeamCountry "ESP"]

1. d4 d5 2. Bf4 Nf6 3. e3 c6 4. c4 g6 5. Nc3 Bg7 6. Nf3 0-0 7. Be2 Nbd7 8. Ne5 Re8 9. 0-0 Nf8 10. Qb3 Ne6 11. Bg3 Qb6 12. cxd5 Qxb3 13. axb3 cxd5 14. Rfc1 Rd8 15. Nb5 a6 16. Nc7 Nxc7 17. Rxc7 Ne8 18. Rc5 Bf5 19. Rac1 Rac8 20. Bd3 Rxc5 21. Rxc5 Bxe5 22. Bxf5 Bxg3 23. Bc8 Nd6 24. Bg4 Bxf2+ 25. Kxf2 Ne4+ 26. Ke2 Nxc5 27. dxc5 f5 28. Bf3 e5 29. Kd2 Kf7 30. Kc3 Ke6 31. b4 h5 32. g3 g5 33. Bxh5 g4 34. h3 gxh3 35. g4 e4 0-1

[Event "Aragon-chT Preferente Gr II"]
[Site "Aragon"]
[Date "2018.03.03"]
[Round "6.53"]
[White "Garcia Morales, Roberto"]
[Black "Fabre Perez, Jose Maria"]
[Result "0-1"]
[WhiteElo "2066"]
[BlackElo "1943"]
[PlyCount "46"]
[EventDate "2018.01.27"]
[EventType "team-tourn"]
[EventRounds "9"]
[EventCountry "ESP"]
[SourceTitle "EXT 2019"]
[Source "ChessBase"]
[SourceDate "2018.10.10"]
[SourceVersion "1"]
[SourceVersionDate "2018.10.10"]
[SourceQuality "1"]
[WhiteTeam "Agrupacion II"]
[BlackTeam "Marcos Frechin II"]
[WhiteTeamCountry "ESP"]
[BlackTeamCountry "ESP"]

1. e4 c5 2. b4 cxb4 3. d4 d5 4. exd5 Nf6 5. a3 Nxd5 6. axb4 Bf5 7. Qf3 Bxc2 8. Bb5+ Nc6 9. Na3 Bg6 10. Ne2 e5 11. 0-0 e4 12. Qb3 Be7 13. Bd2 0-0 14. Bxc6 bxc6 15. Rfc1 Qd7 16. Nc4 Bf6 17. Na5 Rfc8 18. Qc4 Nb6 19. Qc3 Bh5 20. f3 exf3 21. gxf3 Re8 22. Kf2 Qh3 23. Rh1 Rxe2+ 0-1

[Event "Aragon-chT Preferente Gr II"]
[Site "Aragon"]
[Date "2018.02.24"]
[Round "5.53"]
[White "Martinez Cebolla, Alberto"]
[Black "Garcia Morales, Roberto"]
[Result "1-0"]
[WhiteElo "2087"]
[BlackElo "2066"]
[PlyCount "93"]
[EventDate "2018.01.27"]
[EventType "team-tourn"]
[EventRounds "9"]
[EventCountry "ESP"]
[SourceTitle "EXT 2019"]
[Source "ChessBase"]
[SourceDate "2018.10.10"]
[SourceVersion "1"]
[SourceVersionDate "2018.10.10"]
[SourceQuality "1"]
[WhiteTeam "IberCaja II"]
[BlackTeam "Agrupacion II"]
[WhiteTeamCountry "ESP"]
[BlackTeamCountry "ESP"]

1. e4 e5 2. Nf3 Nc6 3. d4 exd4 4. Nxd4 Bc5 5. Be3 Qf6 6. c3 Nge7 7. g3 b6 8. Bg2 0-0 9. 0-0 Ba6 10. Re1 Rad8 11. Qa4 Bb7 12. Nc2 d6 13. Bxc5 dxc5 14. Ne3 Rfe8 15. Qc2 Ba6 16. Qa4 Bd3 17. Nd2 a6 18. Nd5 Qd6 19. f4 c4 20. Kh1 Na5 21. b4 cxb3 22. axb3 Bc2 23. Qa2 Nxd5 24. exd5 Bd3 25. c4 h6 26. Qa4 Re7 27. Rac1 Nb7 28. Qxa6 Nc5 29. Qa3 Bf5 30. Rxe7 Qxe7 31. Nf3 Qe3 32. Re1 Qc3 33. Qa7 Rd7 34. Qa8+ Kh7 35. Re8 Qc1+ 36. Re1 Qc3 37. Re8 Ne4 38. Rh8+ Kg6 39. Ne5+ Kf6 40. Nxd7+ Bxd7 41. Qd8+ Kg6 42. Bxe4+ Bf5 43. Bxf5+ Kxf5 44. Qd7+ Kf6 45. Qc6+ Kf5 46. Qd7+ Kf6 47. Re8 1-0

[Event "Aragon-chT Preferente Gr II"]
[Site "Aragon"]
[Date "2018.01.27"]
[Round "1.53"]
[White "Escartin Buisan, Francisco Javier"]
[Black "Garcia Morales, Roberto"]
[Result "0-1"]
[WhiteElo "1788"]
[BlackElo "2066"]
[PlyCount "45"]
[EventDate "2018.01.27"]
[EventType "team-tourn"]
[EventRounds "9"]
[EventCountry "ESP"]
[SourceTitle "EXT 2019"]
[Source "ChessBase"]
[SourceDate "2018.10.10"]
[SourceVersion "1"]
[SourceVersionDate "2018.10.10"]
[SourceQuality "1"]
[WhiteTeam "Sabinanigo"]
[BlackTeam "Agrupacion II"]
[WhiteTeamCountry "ESP"]
[BlackTeamCountry "ESP"]

1. c4 Nf6 2. Nc3 e6 3. e4 c5 4. g3 Nc6 5. Bg2 d6 6. Nge2 Be7 7. 0-0 a6 8. d4 cxd4 9. Nxd4 Bd7 10. Be3 Ne5 11. b3 Qa5 12. Nce2 Rd8 13. h3 0-0 14. f4 Ng6 15. Kh2 Be8 16. f5 Ne5 17. Bd2 Qc5 18. fxe6 fxe6 19. Nxe6 Nfg4+ 20. Kh1 Nf2+ 21. Rxf2 Qxf2 22. Nxf8 Bxf8 23. Bc3 0-1